000 00466 a2200193 4500
001 130751
020 _a85-224-1215-4
040 _cLeonardo Da Vinci
041 _aPortuguês
082 _a340 D777d
_bD777d
100 _aDOWER, Nelson Godoy Bassil
245 _aDireito e legislação
250 _a3.ed
260 _bAtlas
_c1996
_aSão Paulo
300 _a260
362 _a19960000
697 _aDireito
_aLegislação
_aLeis
_aBrasil
_aFIPEN
942 _cBK
999 _c130751
_d130751